BCIS quarterly review of building prices (Record no. 106420)
[ view plain ]
| 000 -LEADER | |
|---|---|
| fixed length control field | 00707cam a2200229 4500 |
| 001 - CONTROL NUMBER | |
| control field | ##L136541 |
| 008 - FIXED-LENGTH DATA ELEMENTS--GENERAL INFORMATION | |
| fixed length control field | 060223n2007 000 0 eng u |
| 022 1# - INTERNATIONAL STANDARD SERIAL NUMBER | |
| International Standard Serial Number | 0260-6216 |
| 035 ## - SYSTEM CONTROL NUMBER | |
| System control number | (Sirsi) u136541 |
| 041 0# - LANGUAGE CODE | |
| Language code of text/sound track or separate title | eng |
| 050 04 - LIBRARY OF CONGRESS CALL NUMBER | |
| Classification number | 692.5 $2 18 |
| 110 2# - MAIN ENTRY--CORPORATE NAME | |
| Corporate name or jurisdiction name as entry element | Building Cost Information Service |
| 9 (RLIN) | 1096 |
| 245 00 - TITLE STATEMENT | |
| Title | BCIS quarterly review of building prices |
| Remainder of title | issue 104-107 (Jan 2007 - Oct 2007) |
| 260 ## - PUBLICATION, DISTRIBUTION, ETC. | |
| Place of publication, distribution, etc. | London |
| Name of publisher, distributor, etc. | BCIS |
| Date of publication, distribution, etc. | 2007 |
| 300 ## - PHYSICAL DESCRIPTION | |
| Extent | 39p |
| Dimensions | 30cm. |
| 350 ## - PRICE (NR) (BK AM CF MU VM SE) [OBSOLETE] | |
| Price | 150 |
| 650 24 - SUBJECT ADDED ENTRY--TOPICAL TERM | |
| Topical term or geographic name entry element | BUILT ENVIRONMENT-BUILDING COSTS |
| 650 24 - SUBJECT ADDED ENTRY--TOPICAL TERM | |
| Topical term or geographic name entry element | QUARTERLY REVIEW OF BUILDING PRICES |
| 650 24 - SUBJECT ADDED ENTRY--TOPICAL TERM | |
| Topical term or geographic name entry element | BUILT ENVIRONMENT-BUILDING COSTS-REINSTATEMENT COSTS |
| 690 ## - LOCAL SUBJECT ADDED ENTRY--TOPICAL TERM (OCLC, RLIN) | |
| Topical term or geographic name as entry element | BUILT ENVIRONMENT-BUILDING COSTS |
| 942 ## - ADDED ENTRY ELEMENTS (KOHA) | |
| Suppress in OPAC | 0 |
| Withdrawn status | Lost status | Source of classification or shelving scheme | Damaged status | Not for loan | Home library | Current library | Shelving location | Date acquired | Total Checkouts | Full call number | Barcode | Date last seen | Copy number | Price effective from | Koha item type | Date last checked out |
|---|---|---|---|---|---|---|---|---|---|---|---|---|---|---|---|---|
| Dewey Decimal Classification | London | London | BCIS/BMI publications | 06/02/2007 | ENQUIRY DESK ISS 104 JAN 2007 | 30073634 | 06/08/2019 | 1 | 06/08/2019 | Reference material | ||||||
| Dewey Decimal Classification | London | London | BCIS/BMI publications | 06/02/2007 | 9 | ENQUIRY DESK ISS 104 JAN 2007 | 30073635 | 06/08/2019 | 2 | 06/08/2019 | Book | 14/10/2008 | ||||
| Dewey Decimal Classification | London | London | Enquiry desk | 04/05/2007 | ENQUIRY DESK ISS 105 APR 2007 | 30073879 | 06/08/2019 | 1 | 06/08/2019 | Reference material | ||||||
| Dewey Decimal Classification | London | London | Enquiry desk | 04/05/2007 | 6 | ENQUIRY DESK ISS 105 APR 2007 | 30073880 | 06/08/2019 | 2 | 06/08/2019 | Book | 08/02/2008 | ||||
| Dewey Decimal Classification | London | London | BCIS/BMI publications | 27/07/2007 | ENQUIRY DESK ISS 106 JUL 2007 | 30074180 | 06/08/2019 | 1 | 06/08/2019 | Reference material | ||||||
| Dewey Decimal Classification | London | London | BCIS/BMI publications | 27/07/2007 | 5 | ENQUIRY DESK ISS 106 JUL 2007 | 30074181 | 06/08/2019 | 2 | 06/08/2019 | Book | 30/01/2008 | ||||
| Dewey Decimal Classification | London | London | BCIS/BMI publications | 05/11/2007 | ENQUIRY DESK ISS 107 OCT 2007 | 30074350 | 06/08/2019 | 1 | 06/08/2019 | Reference material | ||||||
| Dewey Decimal Classification | London | London | BCIS/BMI publications | 05/11/2007 | 7 | ENQUIRY DESK ISS 107 OCT 2007 | 30074351 | 06/08/2019 | 2 | 06/08/2019 | Book | 11/09/2009 |